000
00208 a2200097 4500
020
_a
9798875295997
041
_a
spa
100
_a
Waldendorf, Kurt
245
_a
Copa Mundial Primer Plano
942
_c
Libros/Book
999
_c
31988
_d
31986